Môđun con H-nguyên tố

محفوظ في:
التفاصيل البيبلوغرافية
المؤلف الرئيسي: Phạm Hồ Anh Thư
مؤلفون آخرون: Trương Cống Quỳnh T.S (Hướng dẫn)
التنسيق: كتاب
منشور في: Đà Nẵng Đại học Sư phạm, Đại học Đà Nẵng 2012
الموضوعات:
الوسوم: إضافة وسم
لا توجد وسوم, كن أول من يضع وسما على هذه التسجيلة!
Thư viện lưu trữ: Mạng thư viện Đại học Đà Nẵng
LEADER 01428nam a2200325 4500
001 000017473
003 13891
005 20130418090441.0
008 130418s2012 sd
082 |a 512.4  |b PH-T 
100 1 |a Phạm Hồ Anh Thư 
245 |a Môđun con H-nguyên tố  |c Phạm Hồ Anh Thư ; Trương Cống Quỳnh hướng dẫn  |k Khóa luận tốt nghiệp 
260 |a Đà Nẵng  |b Đại học Sư phạm, Đại học Đà Nẵng  |c 2012 
300 |a 33 tr.  |c 29 cm.  |e Đĩa CD, bản tóm tắt 
500 |a Khóa luận tốt nghiệp đại học. Chuyên ngành: Cử nhân Toán tin 
504 |a Mục lục đầu trang, tài liệu tham khảo tr. 73 - 74, phụ lục [13 tr.] 
600 1 4 |b Vua  |c Đinh Tiên Hoàng 
650 0 4 |a Nguyên tố  |a Môđun con H  |v Khóa luận tốt nghiệp  |x Nghiên cứu 
653 |a Khoa Toán  |a Môđun con H  |a Nguyên tố 
700 |a Trương Cống Quỳnh  |c T.S  |e Hướng dẫn 
OWN |a LSP 
AVA |a UDN50  |b LSP  |d 512.4 PH-T  |e available  |t Error 5001 Not defined in file expand_doc_bib_avail.  |f 1  |g 0  |h N  |i 0  |k 1 
999 |a From the UDN01 
AVA |a UDN50  |b LSP  |d 512.4 PH-T  |e available  |t Error 5001 Not defined in file expand_doc_bib_avail.  |f 1  |g 0  |h N  |i 0  |k 1 
TYP |a Monograph 
TYP |a Printed language 
980 |a Mạng thư viện Đại học Đà Nẵng